🇵🇱 Kody pocztowe miast polskich - Statystyki

Ogólne statystyki
  • Ten quiz został rozwiązany 51 razy
  • Średni wynik to 15 z 150
Statystyki odpowiedzi
Kod Miasto % Poprawnych
00-001 Warszawa
86%
60-701 Poznań
42%
90-101 Łódź
40%
80-401 Gdańsk
35%
30-301 Kraków
35%
70-601 Szczecin
30%
81-300 Gdynia
28%
40-101 Katowice
28%
20-101 Lublin
28%
81-701 Sopot
28%
10-501 Olsztyn
26%
33-100 Tarnów
26%
50-101 Wrocław
26%
25-701 Kielce
23%
33-300 Nowy Sącz
21%
45-401 Opole
21%
35-501 Rzeszów
21%
65-001 Zielona Góra
21%
75-201 Koszalin
19%
59-200 Legnica
19%
09-400 Płock
19%
37-700 Przemyśl
19%
08-100 Siedlce
19%
85-101 Bydgoszcz
16%
66-400 Gorzów Wielkopolski
16%
26-600 Radom
16%
76-200 Słupsk
16%
62-020 Swarzędz
16%
87-100 Toruń
16%
22-400 Zamość
16%
44-100 Gliwice
14%
62-800 Kalisz
14%
99-400 Łowicz
14%
06-500 Mława
14%
07-400 Ostrołęka
14%
05-800 Pruszków
14%
98-200 Sieradz
14%
41-800 Zabrze
14%
21-500 Biała Podlaska
12%
22-100 Chełm
12%
88-100 Inowrocław
12%
78-100 Kołobrzeg
12%
62-500 Konin
12%
18-400 Łomża
12%
11-700 Mrągowo
12%
63-400 Ostrów Wielkopolski
12%
05-400 Otwock
12%
95-200 Pabianice
12%
64-920 Piła
12%
24-100 Puławy
12%
73-100 Stargard Szczeciński
12%
21-040 Świdnik
12%
34-500 Zakopane
12%
39-200 Dębica
9%
62-200 Gniezno
9%
63-800 Gostyń Poznański
9%
86-300 Grudziądz
9%
14-200 Iława
9%
63-200 Jarocin Poznański
9%
58-500 Jelenia Góra
9%
57-300 Kłodzko
9%
64-000 Kościan
9%
38-400 Krosno
9%
32-600 Oświęcim
9%
38-500 Sanok
9%
27-200 Starachowice
9%
16-400 Suwałki
9%
05-200 Wołomin
9%
23-400 Biłgoraj
7%
42-200 Częstochowa
7%
19-500 Gołdap
7%
17-200 Hajnówka
7%
66-470 Kostrzyn nad Odrą
7%
66-600 Krosno Odrzańskie
7%
21-010 Łęczna
7%
05-120 Legionowo
7%
64-100 Leszno
7%
05-270 Marki
7%
39-300 Mielec
7%
97-300 Piotrków Trybunalski
7%
72-010 Police
7%
05-250 Radzymin
7%
41-200 Sosnowiec
7%
05-070 Sulejówek
7%
43-100 Tychy
7%
78-600 Wałcz
7%
87-800 Włocławek
7%
07-200 Wyszków
7%
05-091 Ząbki
7%
95-100 Zgierz
7%
16-300 Augustów
5%
14-500 Braniewo
5%
41-900 Bytom
5%
89-600 Chojnice
5%
41-500 Chorzów
5%
87-720 Ciechocinek
5%
82-300 Elbląg
5%
67-200 Głogów
5%
19-200 Grajewo
5%
55-080 Kąty Wrocławskie
5%
24-120 Kazimierz Dolny
5%
36-100 Kolbuszowa
5%
26-200 Końskie
5%
64-400 Międzychód
5%
82-100 Nowy Dwór Gdański
5%
48-300 Nysa
5%
55-200 Oława
5%
59-100 Polkowice
5%
84-100 Puck
5%
97-500 Radomsko
5%
87-500 Rypin
5%
69-100 Słubice
5%
58-300 Wałbrzych
5%
29-100 Włoszczowa
5%
43-300 Bielsko-Biała
2%
49-300 Brzeg
2%
77-100 Bytów
2%
73-200 Choszczno
2%
43-400 Cieszyn
2%
74-400 Dębno Lubuskie
2%
78-500 Drawsko Pomorskie
2%
14-530 Frombork
2%
58-540 Karpacz
2%
83-300 Kartuzy
2%
47-200 Kędzierzyn-Koźle
2%
82-120 Krynica Morska
2%
72-500 Międzyzdroje
2%
32-400 Myślenice
2%
46-100 Namysłów
2%
28-400 Pińczów
2%
74-200 Pyrzyce
2%
27-600 Sandomierz
2%
96-100 Skierniewice
2%
83-200 Starogard Gdański
2%
72-600 Świnoujście
2%
76-270 Ustka
2%
67-400 Wschowa
2%
96-300 Żyrardów
2%
59-920 Bogatynia
0%
84-150 Hel
0%
43-600 Jaworzno
0%
55-230 Jelcz-Laskowice
0%
33-380 Krynica-Zdrój
0%
42-300 Myszków
0%
26-300 Opoczno
0%
34-700 Rabka-Zdrój
0%
95-030 Rzgów
0%
43-460 Wisła
0%
42-400 Zawiercie
0%
34-300 Żywiec
0%
Nie znaleziono quizów pasujących do podanych kryteriów
Rozkład punktacji
Procent ludzi z każdym wynikiem
Percentyl według liczby udzielonych odpowiedzi
Twoja historia wyników
Nie rozwiązałeś tego quizu